INTRDUCTION TO PROGRAMMING USING C++ (Record no. 431)
[ view plain ]
| 000 -LEADER | |
|---|---|
| fixed length control field | 00385nam a22001217a 4500 |
| 005 - DATE AND TIME OF LATEST TRANSACTION | |
| control field | 20250901165219.0 |
| 008 - FIXED-LENGTH DATA ELEMENTS--GENERAL INFORMATION | |
| fixed length control field | 210222b ||||| |||| 00| 0 eng d |
| 020 ## - INTERNATIONAL STANDARD BOOK NUMBER | |
| International Standard Book Number | 9966838074 |
| 050 ## - LIBRARY OF CONGRESS CALL NUMBER | |
| Classification number | QA 76.73 .C153 K83 2010 |
| 245 ## - TITLE STATEMENT | |
| Title | INTRDUCTION TO PROGRAMMING USING C++ |
| Statement of responsibility, etc. | KWALE, F.M. |
| 260 ## - PUBLICATION, DISTRIBUTION, ETC. | |
| Place of publication, distribution, etc. | KENYA |
| Name of publisher, distributor, etc. | EGERTON UNIVERSITY |
| Date of publication, distribution, etc. | 2010 |
| 942 ## - ADDED ENTRY ELEMENTS (KOHA) | |
| Source of classification or shelving scheme | Library of Congress Classification |
| Classification part | QA 76.73 .C153 K83 2010 |
| Withdrawn status | Lost status | Source of classification or shelving scheme | Damaged status | Not for loan | Home library | Current library | Shelving location | Date acquired | Total checkouts | Full call number | Barcode | Date last seen | Date last checked out | Price effective from | Koha item type | Total renewals |
|---|---|---|---|---|---|---|---|---|---|---|---|---|---|---|---|---|
| Library of Congress Classification | Main Library | Main Library | 02/22/2021 | 1 | QA 76.73 .C153 K83 2010 | PIU0010443 | 04/17/2024 | 11/24/2023 | 02/22/2021 | Books | ||||||
| Library of Congress Classification | Main Library | Main Library | 02/22/2021 | 1 | QA 76.73 .C153 K83 2010 | PIU0002733 | 10/04/2024 | 09/15/2021 | 02/22/2021 | Books | 1 |